[Event "BEL-chT 2223"]
[Site "Belgium"]
[Date "2022.11.20"]
[Round "4.4"]
[White "Rooze, Jan"]
[Black "De Vleeschauwer, Maarten"]
[Result "1/2-1/2"]
[WhiteElo "2246"]
[BlackElo "2266"]
[PlyCount "112"]
[EventDate "2022.09.25"]
[EventType "team-tourn"]
[EventRounds "11"]
[EventCountry "BEL"]
[SourceTitle "CBM 213 Extra"]
[Source "ChessBase"]
[SourceDate "2023.05.31"]
[SourceVersion "1"]
[SourceVersionDate "2023.05.31"]
[SourceQuality "1"]
[WhiteTeam "Mechelen"]
[BlackTeam "Wetteren"]
[WhiteTeamCountry "BEL"]
[BlackTeamCountry "BEL"]

1. e4 e5 2. Nf3 Nc6 3. Bc4 Nf6 4. d3 h6 5. 0-0 d6 6. a4 g5 7. Nbd2 Bg7 8. c3 0-0 9. a5 a6 10. Ne1 Ne7 11. Nc2 Ng6 12. Re1 Bd7 13. d4 Nf4 14. dxe5 dxe5 15. Ne3 Qc8 16. Qc2 Kh8 17. b3 Ne8 18. Ba3 Nd6 19. Bf1 Re8 20. Bxd6 cxd6 21. Ndc4 Qc6 22. Red1 Bf8 23. Nb6 Rad8 24. Nxd7 Rxd7 25. g3 Ne6 26. Bc4 Be7 27. Nf5 Bf8 28. Qe2 Kh7 29. Ne3 Bg7 30. Nd5 Nc7 31. Nb4 Qc5 32. Qg4 Ree7 33. Rd3 Kg8 34. Rf3 Kf8 35. Nd5 Nxd5 36. Bxd5 Qc7 37. Ra4 Rd8 38. Qf5 Qd7 39. Rb4 Qxf5 40. exf5 e4 41. Bxe4 d5 42. f6 Bxf6 43. Rxf6 dxe4 44. Rxh6 Rd1+ 45. Kg2 Rd2 46. Kf1 e3 47. fxe3 Rxe3 48. Rf6 Rxc3 49. Rf2 Rxf2+ 50. Kxf2 Rc5 51. Rxb7 Rxa5 52. Ke3 Kg7 53. Kf3 Kg6 54. Rb6+ f6 55. Kg4 Ra1 56. h4 gxh4 1/2-1/2

[Event "EU-chT Seniors 65"]
[Site "Dresden"]
[Date "2022.10.31"]
[Round "5.1"]
[White "Rooze, Jan"]
[Black "Glienke, Manfred"]
[Result "1/2-1/2"]
[WhiteElo "2252"]
[BlackElo "2203"]
[PlyCount "75"]
[EventDate "2022.10.27"]
[EventType "team-swiss"]
[EventRounds "9"]
[EventCountry "GER"]
[SourceTitle "EXT 2024"]
[Source "ChessBase"]
[SourceDate "2023.10.10"]
[SourceVersion "1"]
[SourceVersionDate "2023.10.10"]
[SourceQuality "1"]
[WhiteTeam "Belgium 65"]
[BlackTeam "Berlin Kreuzberg 65"]
[WhiteTeamCountry "BEL"]
[BlackTeamCountry "GER"]

1. e4 c5 2. Nf3 Nc6 3. Bb5 e6 4. 0-0 Qc7 5. Re1 Nge7 6. c3 a6 7. Bf1 Ng6 8. d4 Be7 9. d5 Nd8 10. h4 e5 11. h5 Nf8 12. Nbd2 d6 13. Nc4 Bg4 14. b4 Nd7 15. h6 g6 16. Bd2 0-0 17. Ne3 Bxf3 18. Qxf3 Bg5 19. Nc4 Bxd2 20. Nxd2 f6 21. a4 Nf7 22. Qh3 Rfc8 23. Nc4 Qd8 24. Reb1 cxb4 25. cxb4 Rc7 26. b5 Rac8 27. Nxd6 Nxd6 28. Qe6+ Nf7 29. d6 Rc3 30. bxa6 Nc5 31. Qd5 bxa6 32. Bc4 Rxc4 33. Qxc4 Qxd6 34. Rb7 Rf8 35. Ra7 Qb6 36. Re7 Qd6 37. Ra7 Qb6 38. Re7 1/2-1/2

[Event "BEL-chT 2223"]
[Site "Belgium"]
[Date "2022.10.16"]
[Round "2.5"]
[White "Rooze, Jan"]
[Black "Klein, Felix"]
[Result "1-0"]
[WhiteElo "2246"]
[BlackElo "2275"]
[PlyCount "107"]
[EventDate "2022.09.25"]
[EventType "team-tourn"]
[EventRounds "11"]
[EventCountry "BEL"]
[SourceTitle "EXT 2024"]
[Source "ChessBase"]
[SourceDate "2023.10.10"]
[SourceVersion "1"]
[SourceVersionDate "2023.10.10"]
[SourceQuality "1"]
[WhiteTeam "Mechelen"]
[BlackTeam "Eupen Rochade"]
[WhiteTeamCountry "BEL"]
[BlackTeamCountry "BEL"]

1. e4 e5 2. Nf3 Nc6 3. Nc3 Nf6 4. Bb5 Nd4 5. 0-0 Nxb5 6. Nxb5 c6 7. Nc3 d6 8. d4 Qc7 9. Bg5 Be7 10. a4 a5 11. Re1 0-0 12. Qd3 h6 13. Bxf6 Bxf6 14. d5 g6 15. Rad1 c5 16. Nb5 Qe7 17. Nd2 Bd7 18. Nc4 Bxb5 19. axb5 Qd8 20. Ra1 Bg7 21. Ra3 f5 22. Qh3 Kh7 23. Rf3 fxe4 24. Rxf8 Qxf8 25. Rxe4 Qf7 26. Qd3 Qf6 27. f3 h5 28. c3 Bh6 29. Qe2 Bf4 30. g3 Bh6 31. Nb6 Rg8 32. Ra4 Qd8 33. Nc4 b6 34. Ra1 Rg7 35. Qe4 Rf7 36. Kg2 Qd7 37. Nxb6 Qxb5 38. Nc4 a4 39. Re1 Bf8 40. Re2 Qb3 41. Qd3 Kg7 42. Re4 Qa2 43. Qe2 Rb7 44. Kh3 Qa1 45. f4 exf4 46. Rxf4 Be7 47. Qe6 Bg5 48. Rf2 Qg1 49. Qe2 Re7 50. Qf3 Qe1 51. Nxd6 h4 52. Qf8+ Kh7 53. Nf7 Qxf2 54. Nxg5# 1-0

[Event "BEL-chT 2223"]
[Site "Belgium"]
[Date "2022.09.25"]
[Round "1.6"]
[White "Rooze, Jan"]
[Black "Roger, Mehdi"]
[Result "1-0"]
[WhiteElo "2246"]
[BlackElo "2116"]
[PlyCount "79"]
[EventDate "2022.09.25"]
[EventType "team-tourn"]
[EventRounds "11"]
[EventCountry "BEL"]
[SourceTitle "EXT 2024"]
[Source "ChessBase"]
[SourceDate "2023.10.10"]
[SourceVersion "1"]
[SourceVersionDate "2023.10.10"]
[SourceQuality "1"]
[WhiteTeam "Mechelen"]
[BlackTeam "Oostende"]
[WhiteTeamCountry "BEL"]
[BlackTeamCountry "BEL"]

1. e4 c5 2. Nf3 d6 3. Bb5+ Nc6 4. 0-0 Bd7 5. Re1 Nf6 6. c3 a6 7. Bf1 Bg4 8. d4 cxd4 9. cxd4 d5 10. e5 Nd7 11. e6 Bxe6 12. Nc3 Nf6 13. Rxe6 fxe6 14. g3 Qa5 15. Bh3 Nd8 16. Bd2 Rc8 17. Na4 Qc7 18. Nc5 b6 19. Bf4 Qa7 20. Nxe6 Nxe6 21. Bxe6 Rc6 22. Bf7+ Kxf7 23. Ne5+ Kg8 24. Nxc6 Qd7 25. Rc1 Qh3 26. Ne5 h5 27. Qf1 Qf5 28. h4 Ne4 29. Qxa6 g5 30. hxg5 h4 31. Qc8 Qxc8 32. Rxc8 h3 33. Rxf8+ Kxf8 34. Ng6+ Kg7 35. Nxh8 Kxh8 36. f3 h2+ 37. Kxh2 Nf2 38. Kg2 Nd3 39. b3 Nb4 40. Bd2 1-0

[Event "WchT Seniors 65"]
[Site "Prague"]
[Date "2020.03.11"]
[Round "6.1"]
[White "Ogaard, Leif"]
[Black "Rooze, Jan"]
[Result "1/2-1/2"]
[WhiteElo "2362"]
[BlackElo "2245"]
[PlyCount "44"]
[EventDate "2020.03.06"]
[EventType "team-swiss"]
[EventRounds "7"]
[EventCountry "CZE"]
[SourceTitle "CBM 195 Extra"]
[Source "ChessBase"]
[SourceDate "2020.05.31"]
[SourceVersion "1"]
[SourceVersionDate "2020.05.31"]
[SourceQuality "1"]
[WhiteTeam "Norway 65"]
[BlackTeam "Belgium 65"]
[WhiteTeamCountry "NOR"]
[BlackTeamCountry "BEL"]

1. Nf3 c5 2. c4 Nf6 3. Nc3 Nc6 4. d4 cxd4 5. Nxd4 e6 6. Ndb5 d5 7. Bf4 e5 8. cxd5 exf4 9. dxc6 bxc6 10. Qxd8+ Kxd8 11. Rd1+ Bd7 12. Nd4 Kc7 13. g3 Rb8 14. Rd2 Bb4 15. Bg2 c5 16. Nb3 fxg3 17. hxg3 Be6 18. 0-0 Rhd8 19. Rxd8 Rxd8 20. Rc1 Bxb3 21. axb3 Rd2 22. Na4 Rxe2 1/2-1/2

[Event "Wch Seniors 65 29th"]
[Site "Bucharest"]
[Date "2019.11.22"]
[Round "10"]
[White "Osiecki, Stanislaw"]
[Black "Rooze, Jan"]
[Result "1-0"]
[WhiteElo "2129"]
[BlackElo "2272"]
[PlyCount "94"]
[EventDate "2019.11.12"]
[EventType "swiss"]
[EventRounds "11"]
[EventCountry "ROU"]
[SourceTitle "CBM 193 Extra"]
[Source "ChessBase"]
[SourceDate "2020.01.31"]
[SourceVersion "1"]
[SourceVersionDate "2020.01.31"]
[SourceQuality "1"]

1. e4 c5 2. c3 Nf6 3. e5 Nd5 4. d4 cxd4 5. Nf3 e6 6. cxd4 d6 7. a3 Bd7 8. Bd3 Bc6 9. 0-0 Nd7 10. Qe2 dxe5 11. dxe5 Be7 12. Bd2 0-0 13. Qe4 g6 14. Qg4 Qc7 15. Re1 Rfd8 16. h4 N5b6 17. Bc3 Nc5 18. Bc2 Ba4 19. Bxa4 Nbxa4 20. Nbd2 Nxc3 21. bxc3 Nd3 22. Re4 Qxc3 23. Rf1 Rac8 24. h5 Nc5 25. Rc4 Qxa3 26. hxg6 hxg6 27. Rfc1 b5 28. R4c3 Qa6 29. Nh4 Kg7 30. Nxg6 fxg6 31. Rg3 g5 32. Nf3 Ne4 33. Re1 Rc4 34. Rxe4 Qa1+ 35. Kh2 Rh8+ 36. Rh3 Rxh3+ 37. gxh3 Qf1 38. Rxc4 Qxf2+ 39. Kh1 Qf1+ 40. Kh2 Qxc4 41. Qh5 a5 42. Qe8 Qc5 43. Kg2 a4 44. Nd4 Qd5+ 45. Kf1 Qh1+ 46. Ke2 Qe4+ 47. Kf1 Qh1+ 1-0